Geographic Groups of Three #1 (Easy) - Statistics

General Stats
  • This quiz has been taken 227 times
  • The average score is 28 of 36
Answer Stats
Group Answer % Correct
Baltic Countries Estonia
95%
Major Axis Powers Germany
95%
Baltic Countries Latvia
95%
Baltic Countries Lithuania
95%
"South" Countries South Sudan
95%
South African Capitals Cape Town
94%
Countries Fully Surrounded By Another Lesotho
93%
"South" Countries South Africa
93%
"South" Countries South Korea
93%
"Saint" Countries St. Lucia
93%
Major Axis Powers Japan
92%
"Saint" Countries St. Kitts and Nevis
92%
"Saint" Countries St. Vincent and the Grenadines
92%
Countries Fully Surrounded By Another Vatican City
92%
Major Axis Powers Italy
91%
Countries Fully Surrounded By Another San Marino
89%
South African Capitals Pretoria
86%
Triple Entente British Empire
83%
U.S. Lower 48 Pacific States California
82%
Caucasus Countries Georgia
82%
Caucasus Countries Armenia
81%
Caucasus Countries Azerbaijan
80%
U.S. Lower 48 Pacific States Washington
80%
U.S. Lower 48 Pacific States Oregon
78%
South African Capitals Bloemfontein
71%
Triple Entente France
70%
Triple Entente Russian Empire
70%
Canadian Territories Yukon
68%
Major Balearic Islands Mallorca
61%
Canadian Territories Northwest Territories
61%
Major Balearic Islands Ibiza
57%
Canadian Territories Nunavut
57%
Major Balearic Islands Menorca
54%
Major WW2 Allied Conferences Yalta
49%
Major WW2 Allied Conferences Tehran
28%
Major WW2 Allied Conferences Potsdam
25%
No matching quizzes found
Score Distribution
Percent of People with Each Score
Percentile by Number Answered
Your Score History
You have not taken this quiz